01658agaaa2200337 45000010005000000030009000050050017000140070009000310080040000400400023000800410013001031000044001161300017001602400025001772450114002022460018003162500022003342600099003563000033004555080127004885110091006155200220007065380016009265460013009426500058009557000056010137000056010697000058011257000068011837000069012511703IT-RoPAU20220918181227.0d cvaizq50131s9999||||xx ||| | || ||und|| aIT-RoPAUcIT-RoPAU aITALIANO aPetrie AnngCodice regista SPICS: 18340 aMADRE TERESA aMOTHER TERESAgT0165 aMADRE TERESAcProdotto da: Petrie Diretto da: Petrie AnnpMADRE TERESA (Rif. Codice opera principale : 41703) aMOTHER TERESA aEdizione Standard a(USA)bPETRIE PRODUCTION / Distribuzione: RAIg"1986 (1° ed.: 1986 ; Ed. Lingua Orig.: 1986)" aVHSbsonoro, col.c85 minuti a"Fotografia: Lachman Ed Sissel S.; Montaggio: Haneke Tom; Musica: Ciani Suzanne; Soggetto: Petrie Ann -- Petrie Jeannette" a"Madre; Teresa; Di; Calcutta; Suore; Missionarie; Della; Carita'; Persone; Sofferenti" aFILM DOCUMENTARIO SUL SERVIZIO MISSIONARIO SVOLTO DALLE SUORE MISSIONARIE DELLA CARITA' MADRE TERESA DI CALCUTTA POVERI SOFFERENTI MISERIA IN INDIACASE DELLE SUORE MISSIONARIE DELLA CARITA' PER ANZIANI E PER BAMBINI aPAL, STEREO aITALIANO aDOCUMENTARIOeFILMS [VHS]xCodice MATERIA SPICS: 9960 aCiani Suzannee(musica)gCodice Musica SPICS: 32091 aPetrie Ann e(regista)gCodice regista SPICS: 18340 aPetrie Ann e(soggetto)gCodice Soggetto SPICS: 18340 aPetrie Jeannette e(soggetto)gCodice Soggetto 2° SPICS: 18341 aPetrie Jeannettee(regista)gCodice secondo regista SPICS: 18341